Ehemalige Länder - Statistiken

Allgemein
  • Dieses Quiz wurde 22.565 mal gespielt
  • Das Durchschnittsergebnis liegt bei 9 aus 20
Antwortstatistiken
Hinweis Ende Antwort % Korrekt
Ostberlin war seine Hauptstadt 1990 Deutsche Demokratische Republik
98%
Tschechien + Slowakei 1992 Tschechoslowakei
91%
Ehemalige Supermacht 1991 UdSSR
81%
Eroberer des obengenannten Landes 1923 Osmanisches Reich
72%
In sieben verschiedene Länder aufgespalten 1991 Jugoslawien
70%
Wurde von Otto von Bismarck geführt 1871 Preußen
65%
Seine Hauptstadt war Konstantinopel 1453 Byzantinisches Reich
64%
Land im Südosten Deutschlands 1871 Bayern
59%
Freie Stadt zwischen Polen und Deutschland 1939 Danzig
50%
Gewann seine Unabhängigkeit von Mexiko 1845 Texas
48%
2014 stimmten sie gegen ihre Unabhängigkeit 1707 Schottland
39%
Griechische Stadt, welche Alexander nie versuchte, einzunehmen 146 v.Chr. Sparta
35%
Von einem reinkarnierten Lama geführt 1950 Tibet
35%
Verlierer dreier Punischer Kriege 146 v.Chr. Karthago
31%
Durchlauchtigste Republik der nördlichen Adria 1797 Venedig
26%
Nicht anerkanntes Vorgängerland des heutigen Simbabwe 1979 Rhodesien
19%
Japanischer Marionettenstaat im nördlichen China 1945 Mandschukuo
18%
Schloss sich mit Tanganyika zusammen, um Tansania zu formen 1964 Sansibar
15%
Von Edward Longshanks erobert 1282 Wales
15%
Wurde zum 14. US-Staat 1791 Vermont
8%
Keine übereinstimmenden Quizze gefunden
Verteilung der Resultate
Anzahl Personen mit jedem Resultat
Perzentil nach korrekt beantworteten Fragen
Ihre Resultats-Entwicklung
Sie haben dieses Quiz noch nicht gespielt